Normal view
MARC view
- خصاونة، محمد وآخرونم. مشارك محمد الخوالدة، م. مشارك ليلى ضمرة،م.مشارك راضي ابو هواش
Entry Personal Name
001 - CONTROL NUMBER
- control field: 60652
003 - CONTROL NUMBER IDENTIFIER
- control field: JO-AjAnu
005 - DATE AND TIME OF LATEST TRANSACTION
- control field: 20230606083919.0
008 - FIXED-LENGTH DATA ELEMENTS
- fixed length control field: 230606|| aca||aabn | a|a d
040 ## - CATALOGING SOURCE
- Original cataloging agency: JO-AjAnu
- Transcribing agency: JO-AjAnu
100 ## - HEADING--PERSONAL NAME
- Personal name: خصاونة، محمد وآخرونم. مشارك محمد الخوالدة، م. مشارك ليلى ضمرة،م.مشارك راضي ابو هواش
670 ## - SOURCE DATA FOUND
- Source citation: Work cat.: (JO-AjAnu)30930: خصاونة، محمد وآخرونم. مشارك محمد الخوالدة، م. مشارك ليلى ضمرة،م.مشارك راضي ابو هواش, author, صعوبات التعلم الاكاديمية=ACADEMIC LEARNING DISABILITIES